Detalles MARC
| 000 -ENCABEZADO |
| Número de control [NR] |
01973nam a2200373Ia 4500 |
| 005 - FECHA Y HORA DE LA ÚLTIMA TRANSACCIÓN |
| control field |
20140903173744.0 |
| 008 - DE LONGITUD FIJA DE DATOS DE ELEMENTOS - INFORMACIÓN GENERAL |
| Elementos de longitud fija [NR] |
131210s2011 sp fr 001 0dspa |
| 020 ## - NUMERO INTERNACIONAL NORMALIZADO PARA LIBROS [R] |
| Número Internacional Normalizado del libro [NR] |
8425418895 (De la 2 edición de Herder 1999) |
| 020 ## - NUMERO INTERNACIONAL NORMALIZADO PARA LIBROS [R] |
| Número Internacional Normalizado del libro [NR] |
844930685X (V.3 de la editorial Paidós Orientalia (1999) |
| 020 ## - NUMERO INTERNACIONAL NORMALIZADO PARA LIBROS [R] |
| Número Internacional Normalizado del libro [NR] |
9788449324314 (V.1 de la serie Paidós Orientalia (Presentación octubre 2010-2011) |
| 020 ## - NUMERO INTERNACIONAL NORMALIZADO PARA LIBROS [R] |
| Número Internacional Normalizado del libro [NR] |
978844932503 (V.2 de la serie Paidós Orientalia (Presentación octubre 2010-2011) |
| 020 ## - NUMERO INTERNACIONAL NORMALIZADO PARA LIBROS [R] |
| Número Internacional Normalizado del libro [NR] |
9788449326325 (V.3 de la serie Paidós Orientalia (Presentación octubre 2010-2011) |
| 040 ## - FUENTE DE CATALOGACION [NR] |
| Agencia de catalogación original [NR] |
CO-BoUCM |
| Idioma de catalogación [NR] |
spa |
| Quien Cataloga |
|
| Quien Clasifica |
Aldemar Mondragón (modificó) |
| 041 00 - CODIGO DE IDIOMA [R] |
| Código de idioma para texto/pista de sonido o título separado [R] |
Español |
| 100 1# - ASIENTO PRINCIPAL--NOMBRE PERSONAL [NR] |
| Nombre personal [NR] |
Eliade, Mircea |
| Fechas asociadas con el nombre [NR] |
1907-1986 |
| ID Autoridad |
42279 |
| 245 10 - MENCION DE TITULO [NR] |
| Título [NR] |
Historia de las creencias y de las ideas religiosas |
| Mención de responsabilidad, etc. [NR] |
Mircea Eliade ; traducción de Jesús Valiente Malla |
| 260 ## - PUBLICACION, DISTRIBUCION, ETC. (PIE DE IMPRENTA) [R] |
| Lugar de publicación, distribución, etc. [R] |
Barcelona (España) |
| Nombre del editor, distribuidor, etc. [R] |
Paidós |
| Fecha de publicación, distribución, etc. [R] |
2010 |
| Fecha de fabricación [R] |
2011 |
| 300 ## - DESCRIPCION FISICA [R] |
| Extensión [R] |
3 volúmenes |
| 490 ## - MENCION DE SERIE [R] |
| Mención de serie [R] |
Paidos orientalia |
| 500 ## - NOTA GENERAL [R] |
| Nota general [NR] |
Incluye índices |
| 505 0# - NOTA DE CONTENIDO CON FORMATO PREESTABLECIDO [R] |
| Información miscelánea [R] |
V.1 |
| State manifest and birth record (1764-1977). |
De la edad de piedra a los misterios de Eleusis |
| Información miscelánea [R] |
V.2 |
| State manifest and birth record (1764-1977). |
De Gautama Buda al triunfo del cristianismo. -- |
| Información miscelánea [R] |
V.3 |
| State manifest and birth record (1764-1977). |
De Mahoma a la era de las reformas |
| Mención de responsabilidad [R] |
De la serie Paidós Orientalia (1a edición en esta presentación octubre 2010-2011) |
| 505 0# - NOTA DE CONTENIDO CON FORMATO PREESTABLECIDO [R] |
| Información miscelánea [R] |
V.3 |
| State manifest and birth record (1764-1977). |
De Mahoma a la era de las reformas |
| Mención de responsabilidad [R] |
De la editorial Paidós Orientalia (1999) |
| 505 0# - NOTA DE CONTENIDO CON FORMATO PREESTABLECIDO [R] |
| State manifest and birth record (1764-1977). |
Desde la época de los descubrimientos hasta nuestros días |
| Mención de responsabilidad [R] |
De la 2 edición de Herder 1999 |
| 650 #7 - ASIENTO SECUNDARIO DE MATERIA - TERMINO TEMATICO [R] |
| Término temático o nombre geográfico como elemento de entrada [NR] |
Fe |
| Subdivisión general [R] |
Historia |
| 9 (RLIN) |
15612 |
| 650 #7 - ASIENTO SECUNDARIO DE MATERIA - TERMINO TEMATICO [R] |
| Término temático o nombre geográfico como elemento de entrada [NR] |
Religión |
| Subdivisión de forma [R] |
Aspectos sociales |
| Subdivisión general [R] |
Historia |
| 9 (RLIN) |
23497 |
| 650 #7 - ASIENTO SECUNDARIO DE MATERIA - TERMINO TEMATICO [R] |
| Término temático o nombre geográfico como elemento de entrada [NR] |
Religión |
| Subdivisión general [R] |
Aspectos políticos |
| -- |
Historia |
| 9 (RLIN) |
23497 |
| 650 #7 - ASIENTO SECUNDARIO DE MATERIA - TERMINO TEMATICO [R] |
| Término temático o nombre geográfico como elemento de entrada [NR] |
Religión |
| Subdivisión general [R] |
Historia |
| 9 (RLIN) |
51419 |
| 650 #7 - ASIENTO SECUNDARIO DE MATERIA - TERMINO TEMATICO [R] |
| Término temático o nombre geográfico como elemento de entrada [NR] |
Teología |
| 9 (RLIN) |
25230 |
| 690 ## - ASUNTO AGREGADO LOCAL DE ENTRADA - TÉRMINO TEMÁTICO (OCLC, RLIN) |
| 9 (RLIN) |
42816 |
| Acceso temático local |
Filosofía de la religión |
| 700 1# - ASIENTO SECUNDARIO - NOMBRE PERSONAL [R] |
| Nombre personal [NR] |
Valiente Malla, Jesús |
| Término de relación [R] |
traductor |
| 9 (RLIN) |
52568 |
| 765 0# - ASIENTO DE IDIOMA ORIGINAL [R] |
| Título [NR] |
Histoire des croyances et des idées religieuses |
| 942 ## - ELEMENTOS DE ENTRADA AGREGADOS (KOHA) |
| Tipo de ítem principal el descrito en 300a |
Libro |
| Tema principal |
Religión |
| Edición |
2 |
| Parte restante de la signatura top. |
E421h |
| Sistema de clasificación |
DEWEY |
| Clasificación |
200.9 |